Normal view
MARC view
Entry Personal Name
001 - CONTROL NUMBER
- control field: 2221
003 - CONTROL NUMBER IDENTIFIER
- control field: BD-RjUL
005 - DATE AND TIME OF LATEST TRANSACTION
- control field: 20220404102127.0
008 - FIXED-LENGTH DATA ELEMENTS
- fixed length control field: 220404|| aca||aabn | a|a d
040 ## - CATALOGING SOURCE
- Original cataloging agency: BD-RjUL
- Transcribing agency: BD-RjUL
100 ## - HEADING--PERSONAL NAME
- Personal name: [Jerji, Edward Jabra ]جرجي، ادورد جبرا
670 ## - SOURCE DATA FOUND
- Source citation: Work cat.: (BD-RjUL)79654: [Twitchell, Carl Siben] ;; [تويتشل، كارل سيبن 2219, المملكة العربية السعودية :al mamlakat al arabiat al Saudiat :, ١٩٥٥[م].